01006 2200193 4500001002100000005001500021035002000036008004100056245002900097100001400126250000600140260003100146300001200177084001400189082000800203650001000211520057900221990001200800INLIS00000000000101820240527023659 a0010-0524000253240527 1 ind 1 aAngsa Putih /cSunarsasi aSunarsasi a1 aJakarta :bGramedia,c1997 a232 hlm a813 SUN a a813 4aFiksi aAkibat kecelakaan yang merenggut kedua orangtuanya, Anli diasuh oleh keluarga omnya. Pak Yap, sang Om, bekerja di sebuah hotel kenamaan di Yogya milik Pak Dibyo yang kaya raya.Anli amat mengagumi Agus, putra Pak Dibyo, begitu juga sebaliknya. Namun di tengah rajutan benang asmara yang menggebu itu hambatan demi hambatan dialami Anli. Yang paling utama adalah ketidaksetujuan Bu Dibyo pada hubungan mereka.Di tengah kegalauan keduanya, hadir pianis flamboyan yang menaruh hati pada Anli. Sementara putri Pak Yap pun mendambakan Agus. Pada siapa akhirnya pilihan dijatuhkan? a0743996